|
|
|
|
| LEADER |
00000nam0a2200000 4500 |
| 001 |
221469 |
| 005 |
20231101230412.0 |
| 010 |
|
|
|a 9785160047300
|
| 035 |
|
|
|a (RuTPU)RU\TPU\book\241624
|
| 090 |
|
|
|a 221469
|
| 100 |
|
|
|a 20120911d2011 m y0rusy50 ca
|
| 101 |
0 |
|
|a rus
|
| 102 |
|
|
|a RU
|
| 105 |
|
|
|a a j 001zy
|
| 200 |
1 |
|
|a Гидрогазодинамика
|e учебное пособие
|f А. А. Кудинов
|
| 210 |
|
|
|a Москва
|c Инфра-М
|d 2011
|
| 215 |
|
|
|a 336 с.
|c ил.
|
| 225 |
1 |
|
|a Высшее образование
|
| 320 |
|
|
|a Библиогр.: с. 324-325.
|
| 330 |
|
|
|a В настоящем учебном пособии последовательно рассмотрены основные вопросы гидромеханики: физические свойства жидкостей, статика, кинематика и динамика. Приведены выводы общих уравнений равновесия и движения сплошных сред. Достаточно подробно изложена теория моделированиягидроаэродинамических процессов, одномерные течения вязкой несжимаемой жидкости и гидравлический расчет трубопроводов для капельных жидкостей и газов. Освещены вопросы теории потенциального движения плоских потоков идеальной жидкости, гидродинамического пограничного слоя и основные закономерности одномерных течений сжимаемого газа. Отдельная глава посвящена методам и погрешностям измерений, устройствам для реализации измерений. Кратко рассмотрены принципы измерения давления, температуры, скоростей и расходов жидкостей. Учебное пособие составлено в соответствии с программой курса «Гидрогазодинамика» для студентов специальностей «Тепловые электрические станции» и «Промышленная теплоэнергетика» высших учебных заведений. Может быть использовано студентами других теплотехнических специальностей, а также инженерно-техническими работниками различных отраслей промышленности.
|
| 606 |
1 |
|
|a Аэрогидродинамика
|2 stltpush
|3 (RuTPU)RU\TPU\subj\67371
|9 83197
|
| 610 |
1 |
|
|a гидрогазодинамика
|
| 610 |
1 |
|
|a жидкости
|
| 610 |
1 |
|
|a физические свойства
|
| 610 |
1 |
|
|a гидростатика
|
| 610 |
1 |
|
|a напряженное состояние
|
| 610 |
1 |
|
|a кинематика
|
| 610 |
1 |
|
|a динамика
|
| 610 |
1 |
|
|a газы
|
| 610 |
1 |
|
|a гидромеханические процессы
|
| 610 |
1 |
|
|a вязкие несжимаемые жидкости
|
| 610 |
1 |
|
|a одномерное течение
|
| 610 |
1 |
|
|a трубопроводы
|
| 610 |
1 |
|
|a гидравлический расчет
|
| 610 |
1 |
|
|a напорное движение
|
| 610 |
1 |
|
|a идеальная жидкость
|
| 610 |
1 |
|
|a двухмерное течение
|
| 610 |
1 |
|
|a гидродинамический пограничный слой
|
| 610 |
1 |
|
|a сжимаемый газ
|
| 610 |
1 |
|
|a гидродинамические параметры
|
| 610 |
1 |
|
|a учебные пособия
|
| 675 |
|
|
|a 532.5(075.8)
|v 3
|
| 700 |
|
1 |
|a Кудинов
|b А. А.
|g Анатолий Александрович
|
| 801 |
|
1 |
|a RU
|b 63413507
|c 20120911
|
| 801 |
|
2 |
|a RU
|b 63413507
|c 20120921
|g RCR
|
| 942 |
|
|
|c BK
|